Những nguyên lý tiếp thị = Principles of marketing
Enregistré dans:
| Auteur principal: | |
|---|---|
| Format: | Livre |
| Langue: | Undetermined |
| Publié: |
Hà Nội
Thống Kê
2000
|
| Sujets: | |
| Tags: |
Ajouter un tag
Pas de tags, Soyez le premier à ajouter un tag!
|
| Thư viện lưu trữ: | Trung tâm Học liệu Trường Đại học Cần Thơ |
|---|
| LEADER | 00591nam a2200193Ia 4500 | ||
|---|---|---|---|
| 001 | CTU_39309 | ||
| 008 | 210402s9999 xx 000 0 und d | ||
| 020 | |c 105000 | ||
| 082 | |a 658.8 | ||
| 082 | |b K87/T2/2000 | ||
| 100 | |a Philip Kotler | ||
| 245 | 0 | |a Những nguyên lý tiếp thị | |
| 245 | 0 | |b = Principles of marketing | |
| 245 | 0 | |c Philip Kotler, Trần Văn Chánh ...[et al.] | |
| 260 | |a Hà Nội | ||
| 260 | |b Thống Kê | ||
| 260 | |c 2000 | ||
| 650 | |a managerial economics,marketing - management | ||
| 980 | |a Trung tâm Học liệu Trường Đại học Cần Thơ | ||